000 00919cam a2200301 i 4500
999 _c860
_d860
001 1336160
003 GZU
005 20200915120850.0
008 790629s1980 nyua b 001 0 eng
010 _a 79009464
020 _a0394507746
020 _a0394322568 (text ed.)
040 _aDLC
_cDLC
_dDLC
043 _an-us---
050 0 0 _aE185
_bFRA 1980
082 0 0 _a973/.04/96073
100 1 _aFranklin, John Hope,
_d1915-2009.
245 1 0 _aFrom slavery to freedom :
_ba history of Negro Americans /
_cJohn Hope Franklin.
250 _a5th ed.
260 _aNew York :
_bKnopf,
_c1980.
300 _axxvii, 554, xxxix, p. :
_bill. ;
_c25 cm.
500 _aIncludes index.
504 _aBibliography: p. 507-546.
650 0 _aAfrican Americans
_xHistory.
650 0 _aSlavery
_zUnited States
_xHistory.
906 _a7
_bcbc
_corignew
_d1
_eocip
_f19
_gy-gencatlg
942 _2lcc
_cBK
_hE185
_iFRA
_kE